Państwa poniżej 5 milionów mieszkańców - nagła śmierć - Statystyki

Ogólne statystyki
  • Ten quiz został rozwiązany 342 razy
  • Średni wynik to 6 z 14
Answers on the Grid
Answers color-coded by a green-red scale on the quiz's grid according to % correct below.
Islandia
Kazachstan
Wenezuela
Słowenia
Estonia
Kosowo
Portugalia
Honduras
Łotwa
Kambodża
Czechy
Walia
Szwecja
Gambia
Holandia
Mołdawia
Madagaskar
Surinam
Papua-Nowa Gwinea
Bahamy
Senegal
Lesotho
Izrael
Haiti
Jamajka
Laos
Namibia
Mongolia
 
Statystyki odpowiedzi
Odpowiedź % Poprawnych
Islandia
90%
Kosowo
66%
Estonia
65%
Słowenia
65%
Łotwa
63%
Bahamy
42%
Lesotho
39%
Walia
39%
Mołdawia
36%
Surinam
32%
Jamajka
27%
Gambia
26%
Mongolia
23%
Namibia
17%
Nie znaleziono quizów pasujących do podanych kryteriów
Rozkład punktacji
Procent ludzi z każdym wynikiem
Percentyl według liczby udzielonych odpowiedzi
Twoja historia wyników
Nie rozwiązałeś tego quizu